Tree growth and environmental stresses (Record no. 35334)

MARC details
000 -LEADER
fixed length control field 00351nam a2200121Ia 4500
082 ## - DEWEY DECIMAL CLASSIFICATION NUMBER
Classification number 581.52:635.054
Item number KOZ
100 ## - MAIN ENTRY--AUTHOR NAME
Personal name KOZLOWSKI, Theodore T
245 #0 - TITLE STATEMENT
Title Tree growth and environmental stresses
260 ## - PUBLICATION, DISTRIBUTION, ETC. (IMPRINT)
Place of publication Seatle
Name of publisher Washington University Press
Year of publication 1979
650 ## - SUBJECT ADDED ENTRY--TOPICAL TERM
Topical Term Environmental stress
942 ## - ADDED ENTRY ELEMENTS (KOHA)
Koha item type Books
Holdings
Withdrawn status Lost status Damaged status Not for loan Home library Current library Date acquired Full call number Accession Number Koha item type
        RRII Library RRII Library 16/12/2021 581.52:635.054 KOZ 15760 Books